000 00328 a2200109 4500
001 ART_11212
005 20260410161855.0
008 260409a
245 1 0 _aLa situación de la economía mundial
100 1 _aDe Larosiere, Jacques
773 0 _tRevista de Economía
_g- Nº 38/39 (sep./dic. 1983)
_wREV11077
999 _c25385
_d25385